Basic mathematics with early integers

Bibliographic Details
Main Author: Bittinger, Marvin L.
Format: Section = Libro
Language:Undetermined
Spanish
Published: Boston Addison/Wesley 2007
Subjects:
LEADER 00531nam a2200205Ia 4500
008 240829s9999 xx 000 0 und d
020 |a 0-321-44011-0 
040 |a BIBLIOTECA-RUSB/ 512 B624 
041 |a spa 
082 |a 512 B624 
100 1 |a Bittinger, Marvin L. 
245 1 0 |a Basic mathematics with early integers 
260 |a Boston  |b Addison/Wesley  |c 2007 
300 |a 676 p. :il. 
650 7 |a ALGEBRA 
650 7 |b  INTEGRALES 
650 7 |c  FRACCIONES. Penna, Judith A. Caout 
942 |c BK  |2 ddc 
991 |a TEXTO 
999 |c 1357